Statistics for Countries with the highest GDP per capita

Click here to take the quiz!

General Stats

  • This quiz has been taken 14 times
  • The average score is 13 of 15

Answer Stats

HintAnswer% Correct
234,315Monaco
100%
68,727Iceland
92%
157,755Liechtenstein
92%
133,590Luxembourg
92%
89,154Norway
92%
66,838Qatar
92%
61,028Sweden
92%
70,248United States
92%
68,007Denmark
83%
53,654Finland
83%
72,794Singapore
83%
60,443Australia
75%
100,172Ireland
75%
91,991Switzerland
75%
57,767Netherlands
67%

Score Distribution

Percentile by Number Answered

Percent of People with Each Score

Your Score History

You have not taken this quiz